Distribution, status and biogeography of the west Indian manatee (Registro nro. 9702)

Detalles MARC
000 -CABECERA
Campo de control 006220000a22001930004500
090 ## - CLASIFICACIÓN LOCAL
Colección AR
Consecutivo 00610
041 0# - IDIOMA
Código de idioma para texto/pista de sonido o título separado
100 1# - ASIENTO PRINCIPAL--NOMBRE PERSONAL
Nombre personal Lefebvre, Lynn W.
245 10 - MENCION DE TITULO
Título Distribution, status and biogeography of the west Indian manatee
650 14 - ASIENTO SECUNDARIO DE MATERIA - TERMINO TEMATICO
Término temático o nombre geográfico como elemento de entrada Biogeografía
650 14 - ASIENTO SECUNDARIO DE MATERIA - TERMINO TEMATICO
Término temático o nombre geográfico como elemento de entrada Distribución geográfica
650 14 - ASIENTO SECUNDARIO DE MATERIA - TERMINO TEMATICO
Término temático o nombre geográfico como elemento de entrada Mamíferos acuáticos
653 ## - TERMINO DE INDIZACION - NO CONTROLADO
-- Trichechus
-- Trichechus manatus
-- manatí
700 1# - ASIENTO SECUNDARIO - NOMBRE PERSONAL
Nombre personal Rathbun, Galen B.
700 1# - ASIENTO SECUNDARIO - NOMBRE PERSONAL
Nombre personal O'Shea, Thomas J.
700 1# - ASIENTO SECUNDARIO - NOMBRE PERSONAL
Nombre personal Best, R. C.
773 1# - Item fuente:
Título Biogeography of the West Indies
Especificación de materiales 237
Paginas del Articulo 567-610
Lugar, editorial y fecha de publicación 1989
942 ## - ELEMENTOS ADICIONALES (KOHA)
Tipo de ítem Artículo
Existencias
Withdrawn status Lost status Damaged status No para préstamo Colección Ubicación Permanente Ubicación actual Fecha de adquisición Fuente de Valor Datos de publicación Seriada Total Checkouts Número topográfico Inventario / Código de Barras Date last seen Ejemplar Price effective from Forma de adquisición Tipo de material
      No para Préstamo Hemeroteca Bogotá Bogotá 27/02/2015 Instituto de Ciencias Naturales Fuera de circulación   AR 00610 010926 25/03/2015 1 25/03/2015   Artículo